Vincitori Indian Wells Masters - Singolare maschile - Statistics

Statistiche generali
  • Questo quiz è stato fatto 3 volte
  • Il punteggio medio è 21 su 33
Statistiche sulle risposte
Edizione Nazione Tennista vincitore % Corretto
2023 Spagna Carlos Alcaraz
100%
2008 Serbia Novak Djokovic
100%
2011 Serbia Novak Djokovic
100%
2014 Serbia Novak Djokovic
100%
2015 Serbia Novak Djokovic
100%
2016 Serbia Novak Djokovic
100%
2007 Spagna Rafael Nadal
100%
2009 Spagna Rafael Nadal
100%
2013 Spagna Rafael Nadal
100%
2004 Svizzera Roger Federer
100%
2005 Svizzera Roger Federer
100%
2006 Svizzera Roger Federer
100%
2012 Svizzera Roger Federer
100%
2017 Spagna Roger Federer
100%
2019 Svizzera Dominic Thiem
67%
2018 Argentina Juan Martín del Potro
67%
2002 Australia Lleyton Hewitt
67%
2003 Australia Lleyton Hewitt
67%
1994 Stati Uniti Pete Sampras
67%
1995 Stati Uniti Pete Sampras
67%
1990 Svezia Stefan Edberg
67%
2001 Stati Uniti Andre Agassi
33%
2021 Regno Unito Cameron Norrie
33%
2010 Croazia Ivan Ljubičić
33%
1991 Stati Uniti Jim Courier
33%
1993 Stati Uniti Jim Courier
33%
1998 Cile Marcelo Ríos
33%
2022 Stati Uniti Taylor Fritz
33%
2000 Spagna Àlex Corretja
0%
1999 Australia Mark Philippoussis
0%
1992 Stati Uniti Michael Chang
0%
1996 Stati Uniti Michael Chang
0%
1997 Stati Uniti Michael Chang
0%
Nessun quiz corrispondente trovato
Distribuzione punteggi
Percentuale di utenti per punteggio
Percentile per numero di risposta
I tuoi punteggi nel tempo
Non hai fatto questo quiz